000
00319nam a2200121Ia 4500
008
190722s9999 xx 000 0 und d
020
_a
978-93-325-4952-4
100
_a
Uyless Black
245
0
_a
Computer Network Protocols. Standards and Interface
260
_a
New Delhi
_b
Pearson Edu.
_c
2015
300
_a
436
942
_c
BK
999
_c
44
_d
44